000 00480nam a2200169 i 4500
001 95334
003 ES-MaACL
005 20230906181701.0
007 t|
008 050526s1929 fr ||||1| fre d
100 1 _aLyonnet, Henry.
_974954
245 1 3 _aLe Cid de Corneille /
_cHenry Lyonnet.
260 _aParis :
_b[s.n.],
_c1929 (
_fF. Paillart)
300 _a191 p. ;
_c19 cm.
600 1 4 _aCorneille, Pierre-
_xCrítica e interpretación.
_940603
852 _aES-MaACL
_jA-3048
999 _c95334
_d95334